Aadi Shakarachary (Marathi) (Record no. 53542)

MARC details
000 -LEADER
fixed length control field 00367nam a2200133Ia 4500
008 - FIXED-LENGTH DATA ELEMENTS--GENERAL INFORMATION
fixed length control field 220610s9999 xx 000 0 und d
082 ## - DEWEY DECIMAL CLASSIFICATION NUMBER
Classification number 891.46
Item number YAN
100 ## - MAIN ENTRY--PERSONAL NAME
Personal name Yangalwar Vijay
9 (RLIN) 129447
245 ## - TITLE STATEMENT
Title Aadi Shakarachary (Marathi)
260 ## - PUBLICATION, DISTRIBUTION, ETC. (IMPRINT)
Place of publication, distribution, etc. Nagpur
Name of publisher, distributor, etc. Nachiket Prakashan
Date of publication, distribution, etc. 2014
300 ## - PHYSICAL DESCRIPTION
Extent 74P
Other physical details PB
500 ## - GENERAL NOTE
Keywords "Donated by Nachiket Prakashan, Nagpur"
906 ## - LOCAL DATA ELEMENT F, LDF (RLIN)
a 0
Holdings
Withdrawn status Lost status Damaged status Not for loan Home library Current library Date acquired Vendor Cost, normal purchase price Total Checkouts Full call number Barcode Date last seen Cost, replacement price Bill Date Koha item type Original Barcode
        Cummins College of Engineering for Women Nagpur Cummins College of Engineering for Women Nagpur 10/06/2021 Nachiket Prakashan 90.00   891.46/YAN/ CEWN-DB-408 10/06/2022 90.00 10/06/2022 Donated Book D00408